000 00477nam a2200181Ia 4500
005 20250326125000.0
008 250326s9999 xx 000 0 und d
037 _aTextbook
040 _aFMSL
_beng
_cFMSL
041 _aeng
_2eng
084 _aX:8K K4
_qFMSL
100 _aBacker M
_9737217
245 0 _aCost accounting
_cBacker M; Jacobsen L E
260 _aNY
_bNY, McGraw-Hill
_c1964
300 _a678p
942 _cTB
_hX:8K K4
999 _c1276030
_d1276030